<?xml version="1.0" encoding="UTF-8"?><collection xmlns="info:lc/xmlns/marcxchange-v2"><record format="Unimarc" type="bibliographic"><leader>00731cam  2200241   450 </leader><controlfield tag="001">1700940</controlfield><controlfield tag="003">http://id.bnportugal.gov.pt/bib/porbase/1700940</controlfield><controlfield tag="005">20030628222200.0</controlfield><datafield ind1=" " ind2=" " tag="010"><subfield code="a">0-521-43678-8</subfield></datafield><datafield ind1=" " ind2=" " tag="035"><subfield code="9">82347</subfield></datafield><datafield ind1=" " ind2=" " tag="095"><subfield code="a">PTBN00993524</subfield></datafield><datafield ind1=" " ind2=" " tag="100"><subfield code="a">19970107d1992    km y0pory0103    ba</subfield></datafield><datafield ind1="0" ind2=" " tag="101"><subfield code="a">eng</subfield></datafield><datafield ind1=" " ind2=" " tag="102"><subfield code="a">GB</subfield></datafield><datafield ind1="1" ind2=" " tag="200"><subfield code="a">&lt;The &gt;nethodology of economics</subfield><subfield code="e">or how economists explain</subfield><subfield code="f">Mark Blaug</subfield></datafield><datafield ind1=" " ind2=" " tag="205"><subfield code="a">2nd ed</subfield></datafield><datafield ind1=" " ind2=" " tag="210"><subfield code="a">Cambridge</subfield><subfield code="c">Cambridge University Press</subfield><subfield code="d">1992</subfield></datafield><datafield ind1=" " ind2=" " tag="215"><subfield code="a">XXVIII, 286 p.</subfield><subfield code="d">23 cm</subfield></datafield><datafield ind1="2" ind2=" " tag="225"><subfield code="a">Cambridge surveys of economic literature</subfield></datafield><datafield ind1=" " ind2=" " tag="675"><subfield code="a">001.8:330</subfield><subfield code="v">2med</subfield><subfield code="z">por</subfield><subfield code="3">1378040</subfield></datafield><datafield ind1=" " ind2=" " tag="675"><subfield code="a">330:001.8</subfield><subfield code="v">2med</subfield><subfield code="z">por</subfield><subfield code="3">1378296</subfield></datafield><datafield ind1=" " ind2="1" tag="700"><subfield code="a">Blaug</subfield><subfield code="b">Mark</subfield><subfield code="3">59971</subfield></datafield><datafield ind1=" " ind2="0" tag="801"><subfield code="a">PT</subfield><subfield code="b">BN</subfield><subfield code="g">RPC</subfield></datafield><datafield ind1=" " ind2=" " tag="977"><subfield code="1">E-032 BLA</subfield><subfield code="2">coop</subfield><subfield code="4">UCJPII</subfield><subfield code="6">efalt287900</subfield><subfield code="7">bc</subfield><subfield code="8">coop</subfield><subfield code="9">UCJPII</subfield><subfield code="b">97-460</subfield><subfield code="k">0</subfield></datafield><datafield ind1=" " ind2=" " tag="998"><subfield code="a">JP134-434</subfield></datafield></record></collection>